Mazatlán International Airport Destinations (Mazatlán, Mexico) - Statistics

General Stats
  • This quiz has been taken 24 times
    9 since last reset
  • The average score is 11 of 26
Answer Stats
Airline Destination % Correct
Aeroméxico/Aeroméxico Connect/Viva/Volaris Mexico City
100%
American Airlines Dallas/Fort Worth
83%
Magni/Viva Monterrey
83%
Alaska Airlines/Delta Air Lines Los Angeles
67%
American Airlines Phoenix (Sky Harbor)
67%
Viva/Volaris Tijuana
67%
United Express Houston (Intercontinental)
50%
Mexicana de Aviación/Viva Mexico City (AIFA)
50%
Sunwing Airlines Montréal (Trudeau)
50%
Sunwing Airlines Toronto (Pearson)
50%
Sunwing Airlines/WestJet Vancouver
50%
Sunwing Airlines/WestJet Calgary
33%
Magni/TAR/Viva Chihuahua
33%
TAR/Viva Ciudad Juarez
33%
Sunwing Airlines/WestJet Edmonton
33%
TAR Hermosillo
33%
Delta Air Lines/Sun Country Airlines Minneapolis/St. Paul
33%
Alaska Airlines San Francisco
33%
Aéreo Servicio Guerrero/Magni San José del Cabo
33%
Sunwing Airlines Winnipeg
33%
Señor Air Cabo San Lucas
17%
Sunwing Airlines/WestJet Kelowna
17%
TAR/Viva Aerobus La Paz
17%
TAR Querétaro
17%
Sunwing Airlines Regina
17%
Sunwing Airlines Saskatoon
17%
No matching quizzes found
Score Distribution
Percent of People with Each Score
Percentile by Number Answered
Your Score History
You have not taken this quiz since the last reset